000 00608nam a2200241Ia 4500
003 OSt
005 20220912150904.0
006 a|||||r|||| 00| 0
007 ta
008 220909b |||||||| |||| 00| 0 eng d
024 _a51604
037 _cTextual
040 _aCSL
_beng
_cCSL
041 _aeng
082 _aI21, J8
100 _aIterson Woutera Van
245 0 _aGallionella ferruginea ehrenberg in a different light
260 _aAmsterdam
_c1958
300 _axi,185p.
_ccm.
650 _aBotany
942 _hI21, J8
_cTEXL
_2CC
999 _c56899
_d56899